00876nam a2200241 i 4500001000300000100002700003245018100030260004300211300003600254504002600290650002200316650001400338655003000352700002000382700001800402700002900420020001500449040000800464041000800472080001500480008004100495856009800536bg1 aKUŚMIDERSKA, Barbara10aĆwiczenia laboratoryjne z fizyki :belektryczność i magnetyzm /cBarbara Kuśmiderska, Czesław Rybka, Teresa Rybka ; pod red. Edwarda Śpiewli ; Politechnika Lubelska. aLublin :bWydaw. Uczelniane PL,c1995. a269 s. :brys., wykr. ;c24 cm. aBibliogr. przy rozdz. 9aElektryczność 9aMagnetyzm aPodręczniki akademickie1 aRYBKA, Czesław1 aRYBKA, Teresa1 aŚPIEWLA, Edward.eRed. a8386333413 cBPK0 apol a537(075.8) s pl f |000 0 pol  uhttp://koha.tu.koszalin.pl/cgi-bin/koha/opac-detail.pl?biblionumber=24922yKatalog online BPK